LDR 00781nam a2200193 i 4500 001 000000224388 003 CaOOAMICUS 005 20131030000000.0 008 131030s1930 it u000 u ger u 013 $a203286 040 $aSeMil$bita 100 1 $aHeinisch, Paul,$d<1878-1956>.$0(OLS)http://semarc/name/38805 245 14$aDas Buch Genesis /$cübersetzt und erklärt von Dr. Paul Heinisch. 300 $aXII, 436 p. 650 4$aBibbia. Antico Testamento. Genesi - Commentari, studi, critica, interpretazioni.$0(OLS)http://semarc/subject/344 773 0 $tBibbia$dBonn : Peter Hanstein, 1930.$g1$w()29002 850 $aSeMil 852 $aSeMil$W1$xVenegono$y1$m2VA VII 156$j271204$B174734$CSeMilBibl$Z2$F184772 $81 996 $6245$aDas Buch Genesis$9(OLS)http://semarc/title/156482